US Area Codes - Statistics

General Stats
  • This quiz has been taken 1,760 times
    1,759 since last reset
  • The average score is 66 of 234
Answers on the Map
Answers color-coded by a green-red scale on the quiz's map according to % correct below.
 
Answer Stats
State Answer % Correct
New York 212/332/646/917
48%
Idaho 208/986
44%
Maine 207
43%
California 213/323
43%
Colorado 303/720/983
43%
New Jersey 201/551
42%
Connecticut 203/475
42%
District of Columbia 202/771
40%
Alabama 205/659
40%
Washington 206
40%
Florida 407/321/689
40%
Montana 406
39%
California 310/424
38%
Illinois 312/872
38%
Georgia 404/470/678/943
38%
New Mexico 505
38%
California 209/350
37%
Texas 214/469/945/972
37%
Pennsylvania 215/267/445
37%
Maryland 301/240
37%
Wyoming 307
37%
Maryland 410/443/667
37%
Oregon 503/971
37%
Ohio 330/234
36%
California 510/341
36%
Nevada 702/725
36%
New York 718/347/917/929
36%
Florida 305/786
35%
Missouri 314/557
35%
Washington 360/564
35%
Washington 509
35%
North Dakota 701
35%
Pennsylvania 717/223
35%
Utah 801/385
35%
Texas 210/726
34%
Illinois 217/447
34%
Alabama 256/938
34%
Rhode Island 401
34%
Oregon 541/458
34%
South Dakota 605
34%
Minnesota 218
33%
New York 315/680
33%
Indiana 317/463
33%
Nebraska 402/531
33%
Wisconsin 414
33%
New Hampshire 603
33%
California 707
33%
Texas 713/281/346/832
33%
Ohio 740/220
33%
California 805/820
33%
North Carolina 910/472
33%
Ohio 216
32%
Delaware 302
32%
Michigan 313
32%
California 415/628
32%
Arkansas 501
32%
Louisiana 504
32%
Texas 512/737
32%
Mississippi 601/769
32%
Ohio 614/380
32%
Massachusetts 617/857
32%
California 619/858
32%
Illinois 630/331
32%
Georgia 770/470/678/943
32%
Vermont 802
32%
Illinois 847/224
32%
California 909/840
32%
California 916/279
32%
Indiana 219
31%
Mississippi 228
31%
Michigan 231
31%
Washington 253
31%
West Virginia 304/681
31%
Nebraska 308
31%
Louisiana 318
31%
Oklahoma 405/572
31%
California 408/669
31%
Pennsylvania 412/878
31%
Massachusetts 508/774
31%
Iowa 515
31%
Arizona 602
31%
Pennsylvania 610/484/835
31%
North Carolina 704/980
31%
California 818/747
31%
Oklahoma 918/539
31%
Ohio 937/326
31%
Alabama 251
30%
Kansas 316
30%
Iowa 319
30%
Minnesota 320
30%
Alabama 334
30%
North Carolina 336/743
30%
Massachusetts 413
30%
Missouri 417
30%
Washington 425
30%
Utah 435
30%
Arizona 520
30%
Kentucky 606
30%
Colorado 719
30%
South Carolina 803/839
30%
Indiana 812/930
30%
Florida 813/656
30%
Texas 903/430
30%
North Carolina 919/984
30%
Ohio 419/567
29%
Minnesota 612
29%
Tennessee 615/629
29%
Virginia 703/571
29%
California 714/657
29%
Massachusetts 781/339
29%
Louisiana 225
28%
Michigan 248/947
28%
Kentucky 270/364
28%
Louisiana 337
28%
Minnesota 507
28%
Ohio 513
28%
New York 516/363
28%
Virginia 540/826
28%
Pennsylvania 570/272
28%
New Mexico 575
28%
Wisconsin 608
28%
Michigan 616
28%
Georgia 706/762
28%
Illinois 708/464
28%
Iowa 712
28%
Wisconsin 715/534
28%
Virginia 757/948
28%
California 760/442
28%
Nevada 775
28%
Florida 850/448
28%
Tennessee 901
28%
Kansas 913
28%
Georgia 229
27%
Florida 239
27%
North Carolina 252
27%
Wisconsin 262
27%
Illinois 309
27%
Arizona 480
27%
Kentucky 502
27%
New York 518/838
27%
New Jersey 609/640
27%
Kansas 620
27%
Virginia 804
27%
Florida 904
27%
Michigan 906
27%
Georgia 912
27%
Arizona 928
27%
Tennessee 423
26%
Ohio 440
26%
Michigan 517
26%
California 530
26%
New York 607
26%
Illinois 773/872
26%
Michigan 810
26%
Pennsylvania 814/582
26%
Massachusetts 978/351
26%
Texas 254
25%
Texas 409
25%
Illinois 618
25%
Arizona 623
25%
California 626
25%
New York 631/934
25%
Minnesota 651
25%
New York 716
25%
Pennsylvania 724/878
25%
Florida 727
25%
Texas 806
25%
Illinois 815/779
25%
Missouri 816
25%
Texas 817/682
25%
New Jersey 908
25%
Wisconsin 920
25%
California 925
25%
Tennessee 931
25%
Florida 954/754
25%
Michigan 269
24%
Texas 325
24%
Virginia 434
24%
Missouri 636
24%
Mississippi 662
24%
South Carolina 843/854
24%
Texas 915
24%
Colorado 970
24%
Indiana 260
23%
Texas 432
23%
Missouri 573
23%
Oklahoma 580
23%
Missouri 660
23%
Tennessee 731
23%
Michigan 734
23%
Connecticut 860/959
23%
New York 914
23%
Virginia 276
22%
Florida 352
22%
Arkansas 479
22%
California 559
22%
Florida 561
22%
California 661
22%
New Jersey 732/848
22%
North Carolina 828
22%
Arkansas 870
22%
California 949
22%
Iowa 563
21%
California 650
21%
Minnesota 952
21%
Texas 361
20%
Florida 386
20%
Georgia 478
20%
California 562
20%
Iowa 641
20%
Minnesota 763
20%
Florida 772
20%
Kansas 785
20%
Texas 830
20%
California 951
20%
New Jersey 973/862
20%
Indiana 574
19%
Indiana 765
19%
Florida 863
19%
Tennessee 865
19%
Louisiana 985
19%
Michigan 989
19%
New York 585
18%
Michigan 586
18%
California 831
18%
New York 845
18%
Kentucky 859
18%
South Carolina 864
18%
Texas 936
18%
Texas 940
18%
Florida 941
18%
New Jersey 856
17%
Texas 956
17%
Texas 979
17%
No matching quizzes found
Score Distribution
Percent of People with Each Score
Percentile by Number Answered
Your Score History
You have not taken this quiz since the last reset